Canciones indígenas en los andes ecuatorianos : (Registro nro. 83833)
[ vista simple ]
| 000 -CABECERA | |
|---|---|
| Longitud fija campo de control | 01620nam a2200361 4500 |
| 003 - IDENTIFICADOR DEL NÚMERO DE CONTROL | |
| Identificador del número de control | EC-QuCCB |
| 005 - FECHA Y HORA DE LA ÚLTIMA TRANSACCIÓN | |
| Fecha y hora de la última transacción | 20260413163236.0 |
| 007 - CAMPO FIJO DE DESCRIPCIÓN FÍSICA--INFORMACIÓN GENERAL | |
| Campo fijo de descripción física | ta |
| 008 - DATOS DE LONGITUD FIJA--INFORMACIÓN GENERAL | |
| Códigos de información de longitud fija | 260410s1996 |||||||gr|||| 001 0 spa d |
| 020 ## - NÚMERO INTERNACIONAL ESTÁNDAR DEL LIBRO | |
| Número Internacional Normalizado para Libros (ISBN) | 9978-04-215-6 |
| 040 ## - FUENTE DE LA CATALOGACIÓN | |
| Centro catalogador de origen | EC-QuCCB |
| 041 ## - CÓDIGO DE LENGUA | |
| Código de lengua del texto;banda sonora o título independiente | spa |
| 082 ## - NÚMERO DE LA CLASIFICACIÓN DECIMAL DEWEY | |
| Número de clasificación | 781.629 8 |
| Número de documento | M563 |
| 100 1# - ENTRADA PRINCIPAL--NOMBRE DE PERSONA | |
| Nombre de persona | Merkx, Annelies, |
| 9 (RLIN) | 44523 |
| 245 1# - MENCIÓN DE TÍTULO | |
| Título | Canciones indígenas en los andes ecuatorianos : |
| Parte restante del título | el aillu y el ciclo agrícola |
| Mención de responsabilidad, etc. | Annelies Merkx, José E. Juncosa, dirección ; Jaime Idrovo Uriguen, director de investigación |
| 260 ## - PUBLICACIÓN, DISTRIBUCIÓN, ETC. (PIE DE IMPRENTA) | |
| Lugar de publicación, distribución, etc. | Quito, Ecuador : |
| Nombre del editor, distribuidor, etc. | Abya Yala, |
| Fecha de publicación, distribución, etc. | 1996 |
| 300 ## - DESCRIPCIÓN FÍSICA | |
| Extensión | 315 páginas ; |
| Dimensiones | 22 cm |
| 336 ## - TIPO DE CONTENIDO | |
| Content type term | texto |
| Content type code | txt |
| 337 ## - TIPO DE MEDIO | |
| Media type term | no mediado |
| Media type code | n |
| 338 ## - TIPO DE PORTADOR | |
| Carrier type term | volumen |
| Carrier type code | nc |
| 490 ## - MENCIÓN DE SERIE | |
| Mención de serie | Pueblos indígenas y Educación ; |
| Número de volumen/designación secuencial | números 35-36 |
| 500 ## - NOTA GENERAL | |
| Nota general | Número monográfico. Julio - diciembre 1996. |
| 504 ## - NOTA DE BIBLIOGRAFÍA, ETC. | |
| Enlace | Bibliografía : páginas 313-315 |
| 520 ## - SUMARIO, ETC. | |
| Sumario, etc, | Canciones de la vida familiar -- El enamoramiento -- El matrimonio -- Canciones para la construcción de la vivienda -- Canciones dedicadas al niño indígena -- El corte de petacas -- Canciones de defunciones -- Canciones del ciclo agrícola -- En Imbabura -- En Chimborazo -- En Cañar -- En Azuay -- En Saraguro -- En el pueblo Shuar -- Conclusiones. |
| 590 ## - NOTA LOCAL (RLIN) | |
| Nota local | bgg |
| 650 #4 - PUNTO DE ACCESO ADICIONAL DE MATERIA--TÉRMINO DE MATERIA | |
| Nombre de materia o nombre geográfico como elemento de entrada | Canciones ecuatorianas |
| 9 (RLIN) | 11331 |
| Nombre de materia o nombre geográfico como elemento de entrada | Folclore |
| Subdivisión geográfica | Ecuador |
| 9 (RLIN) | 12885 |
| Nombre de materia o nombre geográfico como elemento de entrada | Indígenas de Ecuador |
| 9 (RLIN) | 13345 |
| Subdivisión de materia general | Vida social y costumbres |
| 700 ## - PUNTO DE ACCESO ADICIONAL--NOMBRE DE PERSONA | |
| Nombre de persona | Idrovo Urigüen, Jaime |
| 9 (RLIN) | 3671 |
| Término indicativo de función | Director de investigación |
| Nombre de persona | Juncosa, José E., |
| Fechas asociadas al nombre | 1956- |
| 9 (RLIN) | 44524 |
| Término indicativo de función | Director, |
| 942 ## - ELEMENTOS DE PUNTO DE ACCESO ADICIONAL (KOHA) | |
| Fuente de clasificaión o esquema | Dewey Decimal Classification |
| Koha [por defecto] tipo de item | Monografía |
| Suprimido | Perdido | Fuente de clasificación o esquema | Estropeado | Restricciones de uso | No se presta | Koha Colección | Localización (Biblioteca) | Localización actual | Localización en estanterías | Fecha adquisición | Fuente de adquisición | Préstamos totales | Clasificación completa | Designación de pieza (código de barras) | Fecha última consulta | Número de ejemplar | Fecha del precio de reemplazo | Tipo de item de Koha |
|---|---|---|---|---|---|---|---|---|---|---|---|---|---|---|---|---|---|---|
| Disponible | Dewey Decimal Classification | Sin daños | Sin restricciones de uso | Disponible para préstamo | ARTE | Biblioteca y Archivo de la CCE | Biblioteca y Archivo de la CCE | ARTE | 10/04/2026 | Donación Dietlind Brehme | 781.629 8 M563 | 0006333 | 10/04/2026 | Ej. 1 | 10/04/2026 | Monografía |























